000 00740nam a2200217 a 4500
005 20240924064451.0
008 010702s2000 mx r 000 0 spa d
020 _a9507010122
035 _aUPN01000109077
049 _aCG
050 4 _aLB1775.4 A7
_bA5.4 2000
245 0 0 _aAlfabetización de niños :
_bconstrucción e intercambio : experiencias pedagógicas en jardín de infantes y escuela primaria /
_cAna María Kaufman ... [et.al].
250 _a8a ed.
260 _aBuenos Aires :
_bAique,
_c2000.
300 _a146 p.
440 0 _aDidáctica
650 4 _aEducación preescolar
_zArgentina
_913592
650 4 _aEscritura
_xEstudio y enseñanza (Preescolar)
_91523
700 1 _aKaufman, Ana María,
_ecoaut.
905 _aLibro
999 _c82988
_d82988